[Event "Budapest FS02 GM"]
[Site "Budapest"]
[Date "1996.??.??"]
[Round "3"]
[White "Macieja, Bartlomiej"]
[Black "Enders, Peter"]
[Result "0-1"]
[WhiteElo "2430"]
[BlackElo "2495"]
[Annotator "Konikowski,J"]
[PlyCount "44"]
[EventDate "1996.02.??"]
[EventType "tourn"]
[EventRounds "13"]
[EventCountry "HUN"]
[EventCategory "8"]
[SourceTitle "CBM 052"]
[Source "ChessBase"]
[SourceDate "1996.06.01"]
[SourceVersion "1"]
[SourceVersionDate "1996.06.01"]
[SourceQuality "1"]

1. e4 c5 2. Nf3 d6 3. d4 cxd4 4. Nxd4 Nf6 5. Nc3 a6 6. Bc4 e6 7. Bb3 b5 8. O-O
Nbd7 9. Re1 Nc5 10. Bg5 Bb7 11. a4 (11. Bd5 $5 exd5 (11... b4 12. Bxb7 Nxb7 13.
Nd5 exd5 14. exd5+ Kd7 15. c3 $36) 12. exd5+ Kd7 13. b4 Na4 14. Nxa4 bxa4 15.
c4 $36) 11... bxa4 (11... b4 12. Nd5 $5 $36) (11... Nxb3 12. Nxb3 b4 13. Na2
Be7 14. Qd4 a5 15. c3 $36) 12. Bxf6 Qxf6 13. Bxa4+ Nxa4 14. Rxa4 Qd8 15. Nd5 $1
g6 $2 (15... exd5 16. exd5+ Kd7 17. Qg4+ Kc7 18. Rc4+ Kb8 19. Rb4 $40) (15...
Be7 $8) 16. Rc4 $4 (16. Rb4 $1 Rb8 (16... Bxd5 17. exd5 e5 18. Nc6 Qd7 19. Qe2
Bg7 20. Qxa6 $1 $18) 17. Rxb7 Rxb7 18. Nc6 Qg5 19. f4 Qh4 20. g3 Qh3 21. Nf6#)
16... exd5 $19 17. exd5+ Be7 18. Qe2 Bxd5 19. Rc3 Kf8 20. Rg3 Qd7 21. Qd2 Bf6
22. Qh6+ Kg8 0-1

[Event "Enghien les Bains 3rd"]
[Site "Enghien les Bains"]
[Date "1999.03.05"]
[Round "3"]
[White "Lautier, Joel"]
[Black "Sadler, Matthew D"]
[Result "1-0"]
[WhiteElo "2596"]
[BlackElo "2667"]
[Annotator "Lautier,J"]
[PlyCount "49"]
[EventDate "1999.03.03"]
[EventType "tourn"]
[EventRounds "9"]
[EventCountry "FRA"]
[EventCategory "15"]
[SourceTitle "CBM 070"]
[Source "ChessBase"]
[SourceDate "1999.06.08"]
[SourceVersion "1"]
[SourceVersionDate "1999.06.08"]
[SourceQuality "1"]

1. e4 {Ftacnik} c5 2. Nf3 d6 3. d4 cxd4 4. Nxd4 Nf6 5. Nc3 a6 6. Bc4 e6 7. Bb3
b5 8. O-O b4 9. Na4 Bd7 10. c3 $1 Nxe4 $2 (10... bxc3 $142 11. Nxc3 Nc6) 11.
Qf3 d5 12. c4 {'!' Ftacnik. Ftacnik: 'The popular line with 9...Bd7 can
possibly be put under serious test only with strong meassures. White is better
developed, so he tries to open the position. '} Qf6 (12... Nc6 13. Nxe6 $3 Bxe6
(13... fxe6 14. cxd5 exd5 (14... Nd4 15. Qxe4 Nxb3 16. axb3 $18) 15. Bxd5 $18)
14. cxd5 Nd4 (14... Bxd5 15. Bxd5 Qxd5 16. Nb6 $18) 15. Qxe4 Nxb3 16. dxe6 Nxa1
17. Qc6+ Ke7 18. Qb7+ Kxe6 19. Re1+ Kf6 20. Qf3+ $18) (12... Nc5 13. cxd5 Nxb3
14. dxe6 fxe6 15. axb3 $18 {->}) 13. cxd5 $1 Qxd4 14. Be3 Qe5 15. Bf4 $1 (15.
Nb6 Bd6 16. g3 O-O 17. Nxa8 exd5 18. Nb6 Bc6 19. Rad1 $16) 15... Qf5 (15... Qd4
$2 16. Rad1 $18) (15... Ng5 16. Qg3 Ne4 17. Bxe5 Nxg3 18. Bxg3 {/\ Nb6} a5 19.
Rfe1 $18 (19. Nb6 Ra6)) 16. Rfe1 $1 $18 {'!?' Ftacnik. Ftacnik: 'White has
sacrificed the whole piece, but his attacking potential is enormous. '} g5 (
16... Nc5 17. Nxc5 Bxc5 18. dxe6 fxe6 19. Re5 Bxf2+ (19... Qf8 20. Bxe6 $18)
20. Qxf2 Qf6 21. Rae1 O-O 22. Rxe6 $18) (16... Nd2 17. Bxd2 Qxf3 18. gxf3 Be7
19. Nb6 Ra7 20. Rac1 $1 O-O 21. dxe6 Bxe6 22. Bxe6 fxe6 23. Nc8 $1 Rd7 24.
Nxe7+ Rxe7 25. Bxb4 $18) 17. Rxe4 gxf4 18. Rxf4 (18. dxe6 fxe6 19. Rae1 $6 Ra7
$1 $132) 18... Qg5 (18... Qe5 19. Re4 $18) (18... Qg6 19. dxe6 Bc6 20. Bd5 $1
Bxa4 21. exf7+ Kd8 22. Bxa8 Nd7 23. Re1 $18) 19. h4 (19. dxe6 $142 $1 Bc6 (
19... fxe6 20. Rg4 Qf5 21. Qxa8 Qxg4 22. Qxb8+ $18) 20. exf7+ Kd8 21. Rd1+ Kc8
22. Bd5 $18) 19... Qh6 20. Rxf7 {Ftacnik: 'White already has a pleasant choice
among winning continuations.'} Bd6 $2 (20... e5 $8 21. Re1 Kd8 22. d6 (22. Rxe5
$2 Bd6 $1 $132) 22... Ra7 (22... Bc6 23. Qf5 $1 Rg8 24. Nb6 $1 Rxg2+ 25. Kf1
$18 {/\ Qc8}) 23. Rf6 Qg7 24. Nc5 $1 $16) 21. Nb6 Qxh4 (21... Ra7 22. dxe6 Bc6
23. Ba4 Bxa4 24. Rxa7 Rf8 25. Qb7 $18) 22. g3 Rg8 (22... Bxg3 23. fxg3 Rg8 (
23... Qd4+ 24. Kh1 Qxb6 25. Qf6 Qd6 26. Qxh8+ Kxf7 27. Rf1+ $18) 24. Kg2 Ra7
25. Rf1 $18) 23. Nxd7 Nxd7 (23... Bxg3 24. Rf8+ Rxf8 25. Qxf8+ Kxd7 26. dxe6+
Kc7 27. Qg7+ Kb6 28. fxg3 $18) 24. dxe6 O-O-O 25. Qa8+ 1-0

[Event "FIDE-Wch k.o."]
[Site "Las Vegas"]
[Date "1999.08.06"]
[Round "3.1"]
[White "Lautier, Joel"]
[Black "Gelfand, Boris"]
[Result "1/2-1/2"]
[WhiteElo "2638"]
[BlackElo "2713"]
[Annotator "Lautier,J"]
[PlyCount "154"]
[EventDate "1999.07.31"]
[EventType "k.o."]
[EventRounds "7"]
[EventCountry "USA"]
[SourceTitle "CBM 072"]
[Source "ChessBase"]
[SourceDate "1999.10.01"]
[SourceVersion "1"]
[SourceVersionDate "1999.10.01"]
[SourceQuality "1"]

1. e4 c5 2. Nf3 d6 3. d4 cxd4 4. Nxd4 Nf6 5. Nc3 a6 6. Bc4 e6 7. Bb3 b5 8. O-O
Be7 9. Qf3 Qc7 10. Qg3 O-O 11. Bh6 Ne8 12. Rad1 Bd7 13. Nce2 $5 $146 Kh8 (13...
Nc6 14. c3) 14. Bg5 Bxg5 15. Qxg5 Nf6 16. Ng3 Nc6 17. c3 Na5 (17... Rad8 18. f4
h6 19. Qh4 $14) (17... Ne5 18. Rfe1 $1 (18. f4 $4 h6 19. Qh4 Ng6 20. Qh3 e5 $19
) 18... Rad8 19. Nh5 Nxh5 20. Qxh5 $14) 18. Rfe1 (18. f4 Qc5 $1 $11 19. e5 $6
h6 20. Qh4 dxe5 21. fxe5 Qxe5 22. Bc2 Rad8 $15) 18... Qb6 $6 (18... Rad8 $142)
19. Nf3 $1 $14 {>< d6, /\ e5} Rad8 (19... Nxb3 20. axb3 e5 21. Rd3 {/\ Qd2, /\
Nh4-f5}) 20. e5 dxe5 21. Nxe5 h6 (21... Nc6 $4 22. Nh5 Nxh5 23. Nxd7 $18) (
21... Bc8 $4 22. Rxd8 Qxd8 23. Nh5 Nxh5 24. Nxf7+ $18) 22. Qf4 (22. Qh4 Nxb3 (
22... Bc8 23. Nh5 $36) (22... Nc6 23. Ng4 Nxg4 24. Qxg4 $36 {/\ Nh5}) (22...
Qc7 23. Bc2 $14) 23. axb3 Qc7 (23... Bc8 24. Nh5 Rxd1 25. Rxd1 Nxh5 26. Qxh5
Qc7 27. b4 $14) 24. Nh5 (24. Qf4 Kg8 $11) 24... Nxh5 25. Qxh5 Kg8 $14) 22...
Nc6 (22... Nxb3 23. axb3 Kg8 (23... Bc8 $2 24. Ne4 $1 Nxe4 (24... Rxd1 25. Rxd1
Nxe4 26. Ng6+ $1 fxg6 27. Qxf8+ Kh7 28. Rd8 $18) 25. Rxd8 Qxd8 26. Qxf7 $3 Re8
(26... Rg8 27. Qf4 Ng5 (27... Nd6 28. Rd1 Qf6 (28... Kh7 29. Qb4 $18) 29. Rxd6
$1 Qxf4 30. Ng6+ Kh7 31. Nxf4 $18) 28. h4 Nh3+ 29. gxh3 Qf6 30. Qe4 $16) 27.
Qg6 Nd6 (27... Ng5 28. h4 $16) 28. Rd1 Rf8 29. Qg3 Kg8 30. Nc6 Nf5 31. Rxd8
Nxg3 32. Rxf8+ Kxf8 33. hxg3 $16) 24. Ne4 Nd5 25. Qg3 $14) 23. Nxd7 (23. Rd6 $1
Be8 (23... Qc7 $4 24. Rxc6 Bxc6 25. Ng6+ $18) (23... Qc5 $2 24. Nxd7 (24. Bc2
Nxe5 25. Qxe5 Qxe5 26. Rxe5 Bc8 $11) (24. Nd3 Qa7 $14) 24... Rxd7 25. Ne4 $1
Qe5 26. Qxe5 Nxe5 27. Rxa6 Nxe4 28. Rxe4 Rfd8 29. h3 Nd3 30. Rb6 $16) (23...
Qb8 $6 24. Bc2 (24. Red1 $2 Nxe5 25. Qxe5 Ne8 $1 $17) 24... Nxe5 25. Qxe5 $36)
24. Red1 (24. Rxd8 Qxd8 25. Rd1 Qb8 26. Rd6 {- 24.Red1}) 24... Rxd6 25. Rxd6
Qb8 26. Nd3 $14 (26. Bc2 Nxe5 27. Qxe5 Bc6 28. Qc5 (28. Qd4 Rc8 $11) 28... Bb7
$14)) 23... Rxd7 24. Rxd7 Nxd7 25. Ne4 Qb8 $6 (25... Nde5 $1 26. Rd1 Rd8 $11)
26. Qxb8 (26. Nd6 Nde5 27. Rd1 Kg8 $13) 26... Rxb8 27. Rd1 $36 Nf6 $6 (27...
Nde5 $6 28. f4 Nc4 29. Nd6 $1 $16) (27... Nb6 $1 $14) 28. Nxf6 gxf6 29. Rd7 $16
Kg8 (29... Ne5 30. Ra7 $16) (29... Kg7 30. f4 $1 (30. Bxe6 $4 Re8 $1 $19) 30...
Kf8 31. f5 $16) 30. Rd6 Ne5 (30... Rc8 $2 31. Rxe6 $18) 31. f4 (31. Rxa6 $142
Nd3 32. Kf1 Nxb2 33. Ke2 $16) 31... Nc4 32. Rxa6 f5 $8 (32... Nxb2 $2 33. f5
$18) 33. Kf2 (33. Bxc4 bxc4 34. a4 Rxb2 35. Rc6 Ra2 36. Rxc4 Kf8 $132 {>< Kg1,
Rc4}) 33... Nxb2 34. Ke2 Rd8 (34... Kg7 35. Rd6 $36 {/\ Kd2}) 35. Rb6 Nd3 36.
Rxb5 Nc1+ (36... Nxf4+ 37. Kf3 Nd3 38. a4 $16) 37. Ke1 Nd3+ 38. Ke2 Nc1+ 39.
Ke1 Nd3+ 40. Kf1 Nxf4 41. a4 Rc8 $1 (41... Rd2 $2 42. a5 Nxg2 43. a6 Ne3+ 44.
Ke1 $18) 42. g3 (42. a5 $2 Rxc3 43. a6 Rc1+ 44. Kf2 Ra1 $132) (42. c4 $6 Nd3
43. Bc2 Nc5 $132) 42... Nd3 43. Ke2 Nc5 (43... Rxc3 $2 44. Kd2 $18) 44. Ke3 (
44. a5 Ne4 $1 (44... Kf8 $2 45. Ke3 Ke7 46. Kd4 Kd6 (46... Ne4 47. c4 Rd8+ 48.
Ke3 $16) 47. Rb6+ Rc6 48. Rxc6+ Kxc6 49. Bc2 $16) 45. c4 Nc3+ 46. Kd3 (46. Ke3
$4 Nxb5 47. cxb5 Rc3+ 48. Kd4 Rxb3 49. Kc4 Rb1 50. b6 (50. a6 Ra1 $19) 50...
Kf8 51. Kc5 Ke7 52. Kc6 Rc1+ 53. Kb7 Kd6 54. a6 Ra1 55. a7 Kc5 $19) (46. Kf2
Ra8 $1 $11 (46... Nxb5 $2 47. cxb5 Rc3 (47... Rc5 48. Ba4 Rc4 49. Bd1 Rb4 50.
Be2 Kf8 51. a6 $18) 48. Bd1 (48. a6 $2 Rxb3 49. a7 Ra3 50. b6 Kg7 51. b7 Rxa7
52. b8=Q Ra2+ 53. Kg1 Ra1+ 54. Kg2 Ra2+ 55. Kh3 Ra4 $11) 48... Ra3 49. a6 Kf8
50. Be2 Ke7 51. b6 Kd7 52. a7 Kc6 53. a8=Q+ Rxa8 54. Bf3+ Kxb6 55. Bxa8 Kc5 56.
Bf3 Kd4 57. Bh5 $18) 47. Re5 $2 Rb8 $17) 46... Nxb5 47. cxb5 Ra8 48. a6 Kf8 49.
Bc4 Ke7 50. b6 Rd8+ $1 51. Ke3 Kd6 52. Kf4 Kc5 53. b7 Kb6 54. Ke5 Ka7 $13)
44... Nxa4 $1 (44... Kf8 45. a5 Ke7 46. Kd4 (46. Bc2 Kd6 $132) 46... Kd6 47.
Rb6+ Rc6 48. Rxc6+ Kxc6 49. Bc2 $16) 45. Bxa4 Rxc3+ 46. Kd4 Rc7 47. Ke5 Kg7 48.
Rb4 Rc1 49. Be8 Rc8 50. Bd7 Rc2 51. h4 Re2+ (51... Rc3 52. Rb7 Rxg3 53. Be8 $16
) (51... Rc7 $5 52. Ba4 (52. Kd6 Rc3 $132) 52... Rc3 $132) 52. Kf4 Rf2+ 53. Ke3
Ra2 54. Rb7 Ra3+ 55. Kf2 Kf8 (55... Ra2+ $5 56. Kf3 (56. Ke3 Ra3+ 57. Kf4 Kf6
$1 $132 {/\ e5#}) 56... Ra3+ 57. Kg2 Ra2+ 58. Kh3 Kf8) 56. Bc6 Ra6 $4 $138 (
56... Ra2+ 57. Ke3 Ra3+ 58. Kf4 Rc3 $1 59. Bg2 (59. Bf3 $2 e5+ $11) 59... Kg7
$132) 57. Bf3 $18 {/\ Bh5} e5 (57... Ra2+ 58. Kg1 Ra1+ 59. Kg2 Ra2+ 60. Kh3 $18
) 58. Bd5 Rf6 59. Kf3 $2 $138 (59. h5 $1 Ke8 (59... Kg7 60. Re7 e4 61. Ke3 $18)
(59... f4 60. g4 $18) 60. Kf3 Kf8 61. Bb3 Ke8 62. Rb5 $18) 59... h5 $1 $132 60.
Rb8+ Ke7 61. Rb7+ Kf8 62. Rb8+ Ke7 63. Rh8 Rd6 64. Bc4 Rc6 65. Be2 f4 66. gxf4
Rf6 67. Rxh5 Rxf4+ 68. Kg3 Kf6 69. Bg4 $6 (69. Rg5 $16) 69... Rf1 70. Bh3 $6 (
70. Rg5 $16) 70... Re1 71. Rg5 Re3+ 72. Kg4 Ra3 73. Rf5+ $4 (73. Rg8 $16) 73...
Ke6 $11 {/\ Rh3} 74. Bf1 (74. Rf1 f5+ $1 75. Rxf5 Rxh3 $11) 74... Rg3+ $1 75.
Kxg3 Kxf5 76. Bd3+ Kf6 77. Kg4 Kg7 1/2-1/2

[Event "St Petersburg-ch"]
[Site "St Petersburg"]
[Date "1998.04.13"]
[Round "6"]
[White "Yemelin, Vasily"]
[Black "Biriukov, Oleg V"]
[Result "1-0"]
[WhiteElo "2485"]
[BlackElo "2390"]
[Annotator "Lukacs,P"]
[PlyCount "51"]
[EventDate "1998.04.07"]
[EventType "tourn"]
[EventRounds "13"]
[EventCountry "RUS"]
[EventCategory "10"]
[SourceTitle "CBM 065"]
[Source "ChessBase"]
[SourceDate "1998.08.06"]
[SourceVersion "1"]
[SourceVersionDate "1998.08.06"]
[SourceQuality "1"]

1. e4 c5 2. Nf3 d6 3. d4 cxd4 4. Nxd4 Nf6 5. Nc3 a6 6. Bc4 e6 7. Bb3 b5 8. Qf3
(8. O-O Be7 9. Qf3 Qb6 {is a popular main line here.}) 8... Qb6 {Here is not
that effective, because White has an extra possibility of 0-0-0.} (8... Bb7
$142 9. O-O (9. a3 Nbd7 10. O-O {is too simple, therefore in this sharp line
it's nothing special.} Nc5 (10... Be7 $6 {is answered with the typical
tactical blow} 11. Bxe6 $1 fxe6 12. Nxe6 $16) 11. Re1 Nxb3 12. cxb3 Be7 13. Qg3
(13. Bg5 O-O 14. b4 Nd7 15. Bxe7 Qxe7 16. Rad1 Rfd8 $11 {Mowsziszian-Vaulin,
Zalaegerszeg op. 1992}) 13... O-O 14. Bh6 Ne8 15. Rad1 Kh8 16. Be3 Qc7 17. b4
Nf6 $13 {Jusic-A.Schneider, Werfen op. 1989}) 9... Nc6 (9... Nbd7) 10. Nxc6
Bxc6 11. Re1 Be7 12. Qg3 O-O 13. Bh6 Ne8 14. Rad1 Qc7 15. Bg5 Bxg5 16. Qxg5 h6
17. Qh4 Nf6 $11 {Tal-Browne, San Francisco 1989}) 9. Be3 Qb7 10. O-O-O $1 (10.
O-O Be7 11. Qg3 {- 8.0-0 Be7 9.Qf3 Qb6 10.Be3 Qb7}) 10... Nbd7 (10... Be7 11.
g4 $1 b4 12. Na4 Nbd7 (12... Qxe4 13. Qxe4 Nxe4 14. Nb6 $16) 13. g5 Nxe4 14.
Bxe6 $1 {White's play is based on this sacrifice here.} fxe6 15. Nxe6 Nxg5 16.
Nxg7+ Kd8 17. Qg3 Nf7 18. Rhe1 Qc6 19. Bd4 Nfe5 20. Rxe5 $1 dxe5 21. Bb6+ $18 {
Sikora-Dydyshko, CZE-ch. 1995 This was a nice example for the theme K in the
middle.}) (10... b4 11. Na4 Nxe4 12. Rhe1 $44 {White sacrifices his e4P in
order to open up the position.}) 11. Qh3 {>< e6} Nc5 (11... Nxe4 $2 {founders
on} 12. Bxe6 $1 Nxc3 13. Bxf7+ $1 $18) (11... Be7 12. f3 {/\ g4}) (11... b4 12.
Nce2 (12. Na4 $5 Qxe4 13. Rhe1 $44 {is also exciting}) 12... Nxe4 (12... Qxe4
13. Nxe6 fxe6 14. Bxe6 $44) 13. Ba4 $1 $16 {with nasty threats on c6.}) 12. f3
Bd7 $2 (12... Be7 13. g4 O-O) 13. g4 $16 a5 $2 (13... Be7 14. g5 Ng8 15. g6 $1
$18) ({It is better to leave the dangerous territory!} 13... O-O-O $142 14. g5
Ne8 15. Qg3 (15. g6 e5 $1) 15... a5 (15... Nxb3+ 16. Nxb3 $16) 16. a3 b4 17.
axb4 axb4 18. Nce2 $16 {and Black is suffering because of the lack of
development.}) 14. g5 Ng8 {[#]} 15. g6 $1 $18 fxg6 16. Ndxb5 $1 {That is the
way how White destroys Black's position. The K in the middle falls to the
attacking white pieces.} Nxb3+ (16... Bxb5 17. Bxc5 $1 dxc5 18. Nxb5 Qxb5 19.
Qxe6+ $18) 17. axb3 Bxb5 18. Qxe6+ Be7 (18... Ne7 19. Rxd6 Bd7 20. Qe5) 19.
Rxd6 Bd7 20. Qe5 Kf8 21. Rhd1 $1 Nf6 (21... Bxd6 22. Qxd6+ Kf7 (22... Ke8 23.
Nd5 $18) (22... Ne7 23. Bg5 Re8 24. Nd5 $18) 23. Qxd7+ Qxd7 24. Rxd7+ Ke8 25.
Rxg7 $18) 22. Rb6 Qc8 23. Nd5 Nxd5 24. Rxd5 Kf7 25. Bd4 Bf8 $2 (25... Rg8 26.
Qf4+ Ke8 27. Re5) 26. Rf6+ $1 1-0

[Event "Platonov Memorial"]
[Site "Kiev"]
[Date "1995.??.??"]
[Round "7"]
[White "Golubev, Mikhail"]
[Black "Kruppa, Yuri"]
[Result "0-1"]
[WhiteElo "2525"]
[BlackElo "2570"]
[Annotator "Mowsziszian,K"]
[PlyCount "54"]
[EventDate "1995.??.??"]
[EventType "tourn"]
[EventRounds "13"]
[EventCountry "UKR"]
[EventCategory "10"]
[SourceTitle "CBM 051"]
[Source "ChessBase"]
[SourceDate "1996.04.01"]
[SourceVersion "1"]
[SourceVersionDate "1996.04.01"]
[SourceQuality "1"]

1. e4 c5 2. Nf3 d6 3. d4 cxd4 4. Nxd4 Nf6 5. Nc3 a6 6. Bc4 e6 7. Bb3 b5 8. O-O
Be7 9. Qf3 Qb6 (9... O-O $2 10. e5 $18) (9... Qc7 $5 10. Re1 (10. e5 $2 Bb7)
10... Nc6 11. Nxc6 Qxc6 12. Qg3 O-O 13. Bh6 Ne8 14. Nd5 Bd8 (14... exd5 15.
Bxd5 {/\Ba8}) 15. Nf4 (15. Rad1 $2 a5 $1) 15... Bf6 $13) 10. Be3 Qb7 11. Qg3
Nbd7 (11... Nxe4 12. Nxe4 Qxe4 13. Qxg7 Rf8 14. Bh6 $1 Bb7 15. Rfe1 $16 Qg6 16.
Qxg6 hxg6 17. Bxf8) (11... O-O 12. Bh6 Ne8 13. Rfe1 Kh8 14. Bg5 $14) 12. f4 $6
(12. Rfe1 Nc5 13. Nf5 exf5 14. Qxg7 Be6 15. Qxh8+ Kd7 16. Qg7 Rg8 17. Bxe6+
fxe6 18. Qh6 b4 19. Bxc5 bxc3 20. Bd4 Nxe4 21. f3 Ng5 22. Kh1 cxb2 23. Rab1 {
+/- Yurtaev,L-Petrushin,A/USSR 37/(269) 1984}) 12... Nxe4 13. Nxe4 (13. Qxg7
Bf6 14. Qg4 Ndc5 $13) 13... Qxe4 14. Rae1 (14. Qxg7 $2 Bf6 $19 {/\Bd4}) 14...
Bb7 15. f5 Bh4 16. Qh3 Bxe1 17. fxe6 O-O $1 (17... fxe6 18. Nxe6 $36) 18. exd7
(18. Rxe1 Nc5 19. Bf2 Qf4 20. Be3 Qe5 21. exf7+ Kh8 22. Bf2 Qf6 $15) 18... Bd2
$1 19. Bxd2 Qxd4+ 20. Be3 Qe4 $17 {><g2} 21. Qg3 d5 22. Bc5 Rfd8 23. Qc7 d4 24.
Qxb7 (24. Bxf7+ Kh8 25. Qg3 Rxd7 $19) 24... Qxb7 25. Rxf7 h5 26. Bxd4 Kh7 27.
Rxg7+ Kh6 0-1

[Event "Hamburg-ch int"]
[Site "Hamburg"]
[Date "1998.06.04"]
[Round "7"]
[White "Mueller, Karsten"]
[Black "Kempinski, Robert"]
[Result "1-0"]
[WhiteElo "2515"]
[BlackElo "2520"]
[Annotator "Mueller,Karsten"]
[PlyCount "117"]
[EventDate "1998.05.29"]
[EventType "swiss"]
[EventRounds "9"]
[EventCountry "GER"]
[SourceTitle "CBM 065"]
[Source "ChessBase"]
[SourceDate "1998.08.06"]
[SourceVersion "1"]
[SourceVersionDate "1998.08.06"]
[SourceQuality "1"]

{[%mdl 2]} 1. e4 c5 2. Nf3 d6 3. d4 cxd4 4. Nxd4 Nf6 5. Nc3 a6 6. Bc4 e6 7. Bb3
b5 8. Bg5 Be7 9. Qf3 Qb6 10. O-O-O Qb7 $6 (10... Nbd7) 11. Qg3 O-O (11... b4
12. Bxf6 Bxf6 13. Nd5 $36) 12. Bh6 Ne8 13. a3 Bd7 14. f4 Kh8 $6 15. Bg5 Bxg5
16. fxg5 $5 Nc6 (16... a5 $5) 17. Rhf1 Nxd4 18. Rxd4 Kg8 $6 (18... Qb6 $142)
19. e5 $1 dxe5 20. Rh4 f6 $1 (20... Nd6 21. Qh3 $18) (20... Bc6 21. g6 Nf6 22.
Rxf6 gxf6 23. Rxh7 $18) 21. Ne4 (21. Rxh7 $2 Kxh7 22. g6+ Kh6 $19) 21... fxg5 (
21... f5 22. Nc5 Qc6 23. Qxe5 $18) 22. Rxf8+ Kxf8 23. Qf2+ (23. Qf3+ $2 Nf6 24.
Nxf6 Qxf3 25. Nxd7+ Ke7 26. gxf3 gxh4 27. Nxe5 Rf8 $132) (23. Nxg5 $5) 23...
Kg8 24. Nxg5 Nf6 25. Rxh7 $1 Qa7 $1 (25... Nxh7 $2 26. Qf7+ Kh8 27. Qh5 Kg8 28.
Bxe6+ Bxe6 29. Qxh7+ Kf8 30. Nxe6+ Ke8 31. Qg6+ Qf7 32. Nc7+ $18) 26. Qxa7 Rxa7
27. Rh4 Kf8 28. Nf3 Ke7 $6 29. Nxe5 Rc7 30. Rh3 Rc5 31. Re3 Bc8 32. Nf3 Nd5 33.
Re5 Kf6 34. h4 a5 35. Rg5 Bb7 36. Ne5 Rc7 37. Ng4+ Kf7 38. Re5 Ke7 (38... Nf4
$4 39. Rf5+ $18) 39. Rg5 Kd6 40. Kd2 Rf7 41. Ne3 Nxe3 42. Kxe3 a4 43. Ba2 Bd5
44. Bxd5 exd5 45. g4 Kc5 46. Rf5 Re7+ 47. Kd3 Re4 48. Rg5 Rd4+ $2 (48... Re7
$16) 49. Kc3 $18 Rd1 50. h5 (50. Rxg7 $4 d4#) 50... Rh1 51. Rxg7 Rh3+ 52. Kd2
Kd4 53. Re7 Rg3 54. Re2 Rxg4 55. Rh2 Kc4 56. h6 Rg8 57. h7 Rh8 58. Rh4+ d4 59.
Rh5 1-0

[Event "Olympiad-38"]
[Site "Dresden"]
[Date "2008.11.23"]
[Round "10"]
[White "Nisipeanu, Liviu Dieter"]
[Black "Papaioannou, Ioannis"]
[Result "1-0"]
[WhiteElo "2684"]
[BlackElo "2597"]
[Annotator "Nisipeanu,LD"]
[PlyCount "51"]
[EventDate "2008.11.13"]
[EventType "team-swiss"]
[EventRounds "11"]
[EventCountry "GER"]
[SourceTitle "CBM 128"]
[Source "ChessBase"]
[SourceDate "2009.01.28"]
[SourceVersion "1"]
[SourceVersionDate "2009.01.28"]
[SourceQuality "1"]
[WhiteTeam "Romania"]
[BlackTeam "Greece"]
[WhiteTeamCountry "ROU"]
[BlackTeamCountry "GRE"]

1. e4 c5 2. Nf3 d6 3. d4 cxd4 4. Nxd4 Nf6 5. Nc3 a6 6. Bc4 {I thought that my
opponent would not expect me to repeat the opening which brought me a painful
loss against Topalov few days previously.} e6 7. Bb3 b5 {The main line. I was
expecting him to play this, although I had to be ready for Nbd7, Topalov's
choice, as well.} 8. Bg5 Be7 9. Qf3 Qc7 10. e5 ({I used to play} 10. O-O-O {
but for this game I had something different in mind.}) 10... Bb7 11. exd6 Bxd6
12. Qe3 Be5 ({A big surprise for me, since nowadays everybody plays} 12... Bc5)
13. O-O-O O-O 14. f4 ({For a while I thought about} 14. Rhe1 Bxd4 15. Rxd4 Nbd7
{but then I decided that the rook on e1 is simply misplaced}) 14... Bxd4 15.
Rxd4 Nbd7 16. Rhd1 Bc6 {Ioannis was blitzing out the moves, which to be honest
made me feel a little bit uncomfortable. I vaguely remembered some game in
which White played g4 only to part with his dark-squared bishop after that.
Since I found this idea to be quite illogical, I started to search for ways
where my bishop could make a difference.} 17. Qg3 $1 $146 {After this move,
Black has to constantly worry about the double exchange sac on d7 followed by
Bf6.} Kh8 {A human reaction and possibly the best move.} ({Wrong is} 17... a5
$2 18. a4 $1 {It is important to secure the a2 square for the king!} (18. Rxd7
$6 Nxd7 19. Rxd7 Qxd7 20. Bf6 g6 21. Qg5 Rfd8 (21... Qa7) 22. Nd5 Qa7 23. Qh6
Qg1+ $11) 18... bxa4 19. Rxd7 $1 Nxd7 20. Rxd7 $1 Qxd7 21. Bf6 g6 22. Qg5 Rfd8
23. Qh6 Qd2+ 24. Kb1 Qe1+ 25. Ka2 axb3+ 26. cxb3 $18) ({My opponent told me
after the game that he considered} 17... Rfb8 {but he did not like} 18. Bh6 Ne8
19. Ne4 {with a white initiative} (19. Rxd7 Bxd7 20. Ne4 Kh8 $8 21. Nd6 f6 $8
22. f5 Bc6 $8 {is not clear})) 18. Qh3 {This was my idea when I played 17.Qg3.
Now White is planning f4-f5 followed by Rh4 with dangerous threats.} ({Very
tempting was also} 18. Qh4 a5 19. R1d3 {but after the coolheaded} Ng8 {I could
not see a way to continue the attack.}) 18... Qb7 $1 ({We both saw that} 18...
a5 $2 19. f5 $1 a4 20. Rh4 $1 Bxg2 21. Qxg2 axb3 22. Rxd7 $1 Qxd7 23. Bxf6 gxf6
24. Qh3 {was losing for Black.}) 19. f5 $1 {I did not consider any other move
during the game.} ({If the line} 19. Qg3 Qc7 {were to be suggested by a human,
I would be tempted to recommand him to urgently give up chess. As it is, the
famous Rybka was recommending this sequence as 3rd best option!}) (19. g4 b4
$13) 19... Bxg2 ({Better was} 19... b4 20. fxe6 fxe6 21. Na4 {with a slight
advantage to White, but I think that Ioannis missed my 22nd move.}) 20. Qg3 b4
21. Na4 Bd5 22. Nc5 $3 {I had to see this great move before I played 19.f5.
Now White has a big advantage in all the lines, but my time was running low,
which is not very surprising with the FIDE time control. By the way, did I
mention how much I hate this time control?} Qb8 $6 {Probably the shock of Nc5
induced my opponent to make this error} (22... Qc6 23. Nxd7 Nxd7 24. Rxd5 exd5
25. Bxd5 Qb5 26. Be7 $16 {was probably the lesser evil for Black.}) (22... Nxc5
23. Bxf6 Rg8 $8 (23... gxf6 24. Qh4 Nxb3+ 25. axb3 Qe7 26. Qxh7+ $1 Kxh7 27.
Rh4+ Kg7 28. Rg1+ Bg2 29. Rxg2#) 24. Qg5 $1 ({During the game I was considering
} 24. Qh4 Ne4 $8 25. Be5 f6 26. Rxd5 exd5 27. Bxd5 {with advantage to White.})
24... Nd7 25. Be7 f6 26. Qh5 Nf8 27. Bxd5 exd5 28. Bxb4 $18) 23. Qh3 $2 {
A very stupid move, which gives away all the advantage.} (23. Qh4 Rc8 24. fxe6
fxe6 25. Nxe6 Bxb3 26. axb3 $18) ({The simplest was} 23. Nxd7 Qxg3 24. hxg3
Nxd7 25. Bxd5 exd5 26. Rxb4 $18 {which I saw of course, but some time had
passed since I had been able to win a atacking game and I was unable to
restrain myself.}) 23... Rc8 $2 ({After the correct} 23... Nxc5 24. Bxf6 Ne4 $1
{(which I missed!) I probably would have chosen the forced draw} 25. Bxg7+ Kxg7
26. Qh4 Qb6 27. Rxe4 Bxe4 28. Qg5+ Kh8 29. Qf6+ Kg8 $11) 24. Nxd7 Nxd7 25. fxe6
$18 Bxb3 26. exd7 1-0